Save Taiwan from a Civil War - Statistics

General Stats
  • This quiz has been taken 16 times
  • The average score is 5 of 7
Answer Stats
Answer % Correct
Japan
93%
United States
93%
South Korea
86%
Philippines
71%
Indonesia
64%
Malaysia
64%
India
57%
No matching quizzes found
Score Distribution
Percent of People with Each Score
Percentile by Number Answered
Your Score History
You have not taken this quiz